Statistiques concernant Devinez le Pays Mystère #93

Cliquez ici pour prendre le quiz!

Statistiques générales

  • Ce quiz a été pris 295 fois
  • Le résultat moyen est 8 sur 11

Statistiques - réponses

Type de RéponseRéponse% Correct
Lettre TrouvéeA
92%
Lettre TrouvéeE
92%
Lettre Bien PlacéeA
87%
Lettre Bien PlacéeE
83%
Lettre TrouvéeL
77%
Lettre TrouvéeM
76%
Lettre Bien PlacéeM
73%
Lettre TrouvéeT
71%
Lettre Bien PlacéeT
65%
Lettre Bien PlacéeL
62%
Pays MystèreMalte
62%

Distribution des résultats

Percentile par nombre de réponses

% des personnes avec chaque résultat

Votre développement - résultats

Vous n’avez pas pris ce quiz